Horror Films 7-to-1 Quiz Stats

 Plays Quiz not verified by Sporcle

Score 0/28 Timer 02:00
0 Plays Today
% Correct
A Nightmare on Elm Street
96.2%
Friday the 13th
94.5%
Halloween
93.6%
Freddy Krueger
92.2%
Jason Voorhees
91.3%
Michael Myers
90.3%
Child's Play
90.2%
Chucky
90.1%
Leatherface
89.8%
Vampires
88.3%
Zombies
88.2%
Mummies
87.9%
Texas Chainsaw Massacre
87.4%
Norman Bates
87.4%
% Correct
Slasher
86.8%
Alien: Covenant
86.8%
Paranormal
86.6%
Smith's Grove Sanitarium
86.5%
Collingwood Psychiatric Hospital
86.5%
Westin Hills Psychiatric Hospital
85.5%
Psychological
85.3%
Werewolves
84.9%
Hellraiser
84.7%
Evil Dead
81.9%
Monster
81.8%
Prometheus
75.9%
Xenomorphs
73.8%
Necronomicon Ex-Mortis
73.8%

You're not logged in!

Compare scores with friends on all Sporcle quizzes.
OR
Log In

Show Comments

Extras

Top Quizzes Today


Score Distribution

Your Account Isn't Verified!

In order to create a playlist on Sporcle, you need to verify the email address you used during registration. Go to your Sporcle Settings to finish the process.

Report this User

Report this user for behavior that violates our Community Guidelines.

Details: